|
|
|
|
| LEADER |
02824nam a22004573i 4500 |
| 001 |
EBC6913627 |
| 003 |
MiAaPQ |
| 005 |
20231204023221.0 |
| 006 |
m o d | |
| 007 |
cr cnu|||||||| |
| 008 |
231204s2021 xx o ||||0 cze d |
| 020 |
|
|
|a 9788021099203
|q (electronic bk.)
|
| 035 |
|
|
|a (MiAaPQ)EBC6913627
|
| 035 |
|
|
|a (Au-PeEL)EBL6913627
|
| 035 |
|
|
|a (OCoLC)1305839562
|
| 040 |
|
|
|a MiAaPQ
|b eng
|e rda
|e pn
|c MiAaPQ
|d MiAaPQ
|
| 100 |
1 |
|
|a Loskotová, Irena.
|
| 245 |
1 |
0 |
|a Zdroje a šíření vybraných komodit keramické produkce vrcholného a pozdního středověku.
|
| 250 |
|
|
|a 1st ed.
|
| 264 |
|
1 |
|a Brno :
|b Masaryk University,
|c 2021.
|
| 264 |
|
4 |
|c {copy}2021.
|
| 300 |
|
|
|a 1 online resource (437 pages)
|
| 336 |
|
|
|a text
|b txt
|2 rdacontent
|
| 337 |
|
|
|a computer
|b c
|2 rdamedia
|
| 338 |
|
|
|a online resource
|b cr
|2 rdacarrier
|
| 505 |
0 |
|
|a Intro -- OBSAH -- CONTENT -- 1 ÚVOD -- 1 INTRODUCTION -- 2 POUŽITÉ ANALYTICKÉ METODY -- 2. ANALYTICAL METHODS USED -- 3 DOKUMENTACE -- 3 DOCUMENTATION -- 4 KACHLOVÉ SÉRIE -- 4a LOVECKÉ SCÉNY -- 4b KLANĚNÍ MUDRCŮ -- 4c TURNAJ -- 4d RYTÍŘSKÁ KAMNA -- 4e PROVINILÝ LEV -- 4f KACHLOVÉ SÉRIE - ZÁVĚR -- 4 SERIES OF STOVE TILES -- 4a HUNTING SCENES -- 4b ADORATION OF THE MAGI -- 4c TOURNAMENT -- 4d KNIGHT'S STOVE -- 4e GUILTY LION -- 4f SERIES OF STOVE TILES - CONCLUSIONS -- 5 DROBNÁ KERAMICKÁ PLASTIKA -- 5 SMALL CERAMIC SCULPTURES -- 6 AQUAMANILE A KONVICE SE ZOOMORFNÍMI VÝLEVKAMI -- 6 AQUAMANILES AND EWERS WITH ZOOMORPHIC SPOUTS -- 7 RELIÉFNÍ DLAŽDICE -- 7 RELIEF FLOOR TILES -- 8 DOKLADY HRNČÍŘSKÉ VÝROBY V BRNĚ -- 8a Hrnčíři v archeologických pramenech -- 8b Hrnčíři v písemných pramenech města Brna do roku 1709 -- 8. EVIDENCE OF POTTERY PRODUCTION IN BRNO -- 9 ZÁVĚR -- 9. CONCLUSIONS -- LITERATURA/ LITERATURE -- ZKRATKY.
|
| 588 |
|
|
|a Description based on publisher supplied metadata and other sources.
|
| 590 |
|
|
|a Electronic reproduction. Ann Arbor, Michigan : ProQuest Ebook Central, 2023. Available via World Wide Web. Access may be limited to ProQuest Ebook Central affiliated libraries.
|
| 655 |
|
4 |
|a Electronic books.
|
| 700 |
1 |
|
|a Hložek, Martin.
|
| 700 |
1 |
|
|a Tymonová, Markéta.
|
| 700 |
1 |
|
|a Nosek, Vojtěch.
|
| 700 |
1 |
|
|a Měchurová, Zdeňka.
|
| 700 |
1 |
|
|a Holub, Petr.
|
| 700 |
1 |
|
|a Sedláčková, Lenka.
|
| 700 |
1 |
|
|a Zůbek, Antonín.
|
| 700 |
1 |
|
|a Jordánková, Hana.
|
| 700 |
1 |
|
|a Jagosz-Zarzycka, Zofia.
|
| 776 |
0 |
8 |
|i Print version:
|a Loskotová, Irena
|t Zdroje a šíření vybraných komodit keramické produkce vrcholného a pozdního středověku
|d Brno : Masaryk University,c2021
|
| 797 |
2 |
|
|a ProQuest (Firm)
|
| 856 |
4 |
0 |
|u https://ebookcentral.proquest.com/lib/matrademy/detail.action?docID=6913627
|z Click to View
|